00865 2200301 4500001002100000005001500021035002000036007000300056008004100059020002200100082001700122084001900139100002400158245003500182250003400217300003800251650002600289504003100315264004300346336002100389337003000410338002300440040002200463090002200485850001200507999002200519990002200541INLIS00000000086824620220223013058 a0010-0222000713ta220223s2022 yoia g ind d a978-623-7514-58-904223a303.3401 a303.3401 SYA t0 aSyakdiahePengarang10aTeori kepemimpinan /cSyakdiah aCetakan pertama, Januari 2022 aix, 88 halaman :bgambar ;c23 cm 4aKepemimpinan--xTeori aBibliografi: halaman 87-8831aSleman :bLintang Pustaka Utama,c2022 2rdacontentateks 2rdamediaatanpa perantara 2rdacarrieravolume aYOPDYOGbinderda aCB-D.11 2022-0017 aYOPDYOG aCB-D.11/2022-0017 aCB-D.11/2022-0017